00449nam a22001457a 450000500170000000800410001702000150005804100130007308200150008610000440010124500500014526000470019530000360024265000250027820231108090203.0231108b |||||||| |||| 00| 0 eng d a0702128031 aEnglish  a346.3 VIS  aVisser, PJ and Potgieter, JM lEnglish  aLaw of Damages /cPJ Visser and PM Potgieter  aCape Town : bJuta and Company Ltd, c1993 blxxxviii, 457 pages ; c25 cm.  aLegal practice bLaw